00353nam a22001457a 450000500170000002000260001703500130004303500230005603500130007903700080009210000130010024500290011326000470014230000180018920190725151123.0 a8173051801c590.00  aB-164287 aB-164283, B-164275 aB-164284 adpl aVanamali aSri Rama Lila/cVanamali aNew DelhibAryan Books Internationalc2006 a275p.c24cms.